[Event "Regionalliga SW 1718 (Women)"]
[Site "Germany"]
[Date "2017.11.19"]
[Round "2.3"]
[White "Elpelt, Silvia"]
[Black "Ziegler, Sabine"]
[Result "1/2-1/2"]
[WhiteElo "1354"]
[BlackElo "1338"]
[PlyCount "63"]
[EventDate "2017.10.15"]
[EventType "team-tourn"]
[EventRounds "5"]
[EventCountry "GER"]
[SourceTitle "CBM 183 Extra"]
[Source "ChessBase"]
[SourceDate "2018.04.19"]
[SourceVersion "1"]
[SourceVersionDate "2018.04.19"]
[SourceQuality "1"]
[WhiteTeam "Eschborn (W)"]
[BlackTeam "Birkenfeld (W)"]
[WhiteTeamCountry "GER"]
[BlackTeamCountry "GER"]

1. e4 d6 2. Nc3 Nf6 3. Nf3 g6 4. h3 Bg7 5. Bc4 0-0 6. 0-0 c6 7. d4 Nxe4 8. Ne2 d5 9. Bd3 f5 10. Ne5 Nd7 11. f4 Qb6 12. Kh2 c5 13. c3 a6 14. Rb1 Nxe5 15. dxe5 Be6 16. a3 Rfd8 17. Qe1 Qb3 18. Ng3 c4 19. Be2 d4 20. Bf3 Nxg3 21. Kxg3 Rab8 22. Bd2 Qb6 23. cxd4 Qxd4 24. Be3 Qd7 25. Bb6 Re8 26. Rd1 Qb5 27. Qf2 g5 28. Be3 gxf4+ 29. Bxf4 Bxe5 30. Bh5 Red8 31. Rb1 Rd3+ 32. Kh2 1/2-1/2

[Event "Regionalliga SW 1718 (Women)"]
[Site "Germany"]
[Date "2017.10.15"]
[Round "1.3"]
[White "Ziegler, Sabine"]
[Black "Weitzmann, Kira"]
[Result "0-1"]
[WhiteElo "1338"]
[BlackElo "1151"]
[PlyCount "66"]
[EventDate "2017.10.15"]
[EventType "team-tourn"]
[EventRounds "5"]
[EventCountry "GER"]
[SourceTitle "CBM 183 Extra"]
[Source "ChessBase"]
[SourceDate "2018.04.19"]
[SourceVersion "1"]
[SourceVersionDate "2018.04.19"]
[SourceQuality "1"]
[WhiteTeam "Birkenfeld (W)"]
[BlackTeam "Gernsheim (W) II"]
[WhiteTeamCountry "GER"]
[BlackTeamCountry "GER"]

1. d4 d5 2. Nf3 Nc6 3. c3 Nf6 4. e3 Bf5 5. Bd3 Bg6 6. 0-0 Qd6 7. Qe2 e5 8. dxe5 Bxd3 9. Qxd3 Nxe5 10. Nxe5 Qxe5 11. f3 0-0-0 12. Nd2 Bc5 13. Re1 Rhe8 14. Nf1 g5 15. g3 Re6 16. Bd2 h5 17. f4 gxf4 18. gxf4 Rg8+ 19. Ng3 Qd6 20. Kf1 h4 21. Nf5 Qd7 22. Nxh4 Ne4 23. Nf3 Reg6 24. Ke2 Rg2+ 25. Kd1 Nf2+ 26. Kc2 Nxd3 27. Kxd3 Qf5+ 28. e4 dxe4+ 29. Rxe4 Rd8+ 30. Nd4 Qh3+ 31. Be3 Qxh2 32. b4 Rb2 33. bxc5 Qe2# 0-1